Khâm định Đại Nam hội điển sự lệ. t.I /

Saved in:
Bibliographic Details
Corporate Author: Nội Các Triều Nguyễn
Other Authors: Nguyễn Thế Đạt
Format: Book (Paper)
Language:Vietnamese
Published: Huế : Thuận hoá, 1993
Tags: Add Tag
No Tags, Be the first to tag this record!
Institutions: Thư viện Trường Đại học Đà Lạt
LEADER 00634nam a2200253 4500
001 DLU020017714
005 ##4/20/2001
020 # # |a 978- 
041 # # |a vie 
082 # # |a 959.703  |b NOI 
110 # # |a Nội Các Triều Nguyễn 
245 # # |a Khâm định Đại Nam hội điển sự lệ.  |n t.I /  |c Nội Các Triều Nguyễn 
260 # # |a Huế :  |b Thuận hoá,  |c 1993 
300 # # |a 232 tr.;   |c 21 cm. 
700 # # |a Nguyễn Thế Đạt 
992 # # |a 36000 
994 # # |a DLU 
900 # # |a False 
911 # # |a Administrator 
925 # # |a G 
926 # # |a A 
927 # # |a SH 
980 # # |a Thư viện Trường Đại học Đà Lạt